Best & Worst Reviewed Movies by Franchise #3 - Statistics

General Stats
  • This quiz has been taken 67 times
  • The average score is 14 of 22
Answer Stats
Film Franchise Score Movie % Correct
Toy Story 95 Toy Story
100%
The Matrix 73 The Matrix
97%
Ghostbusters 71 Ghostbusters
85%
King Kong 90 King Kong
85%
Ocean's franchise 74 Ocean's Eleven
85%
Rocky 40 Rocky IV
83%
Halloween 87 Halloween
82%
Batman 84 The Dark Knight
82%
Ocean's franchise 58 Ocean's Twelve
77%
Batman 28 Batman & Robin
67%
Madagascar 61 Madagascar: Escape 2 Africa
67%
Rocky 82 Creed
63%
Spider-Man 53 The Amazing Spider-Man 2
63%
Spider-Man 87 Spider-Man: Into the Spider-Verse
57%
Dollars Trilogy 65 A Fistful of Dollars
53%
Dollars Trilogy 90 The Good, the Bad and the Ugly
50%
Toy Story 60 Lightyear
48%
The Matrix 47 The Matrix Revolutions
48%
Madagascar 53 Penguins of Madagascar
47%
Halloween 10 Halloween: The Curse of Michael Myers
38%
Ghostbusters 45 Ghostbusters: Afterlife
33%
King Kong 32 King Kong Lives
18%
No matching quizzes found
Score Distribution
Percent of People with Each Score
Percentile by Number Answered
Your Score History
You have not taken this quiz